000 00595nam a2200193Ia 4500
005 20250508164854.0
008 008 250505s9999 xx 000 0 eng d
037 _aDissertations
040 _aFEDL
_beng
_cFEDL
041 _aeng
_2eng
084 _a370.15, FAL/DI
_qFEDL
100 _aFalguni Sarangi
_9779389
245 0 _aAnalysis of classroom processes in science in the frame work of socio cultural psychology
260 _c2005
300 _a137p.
546 _aM. Ed. Dissertation (Delhi University)
942 _cDIS
_h370.15, FAL/DI
999 _c1391718
_d1391718